Rulers of Cyprus - Statistics

General Stats
  • This quiz has been taken 42 times
  • The average score is 14 of 20
Answer Stats
Year Ruler % Correct
1571 - 1878 Ottoman Empire
100%
58 BCE - 51 BCE Roman Republic
100%
1878 - 1960 British Empire
94%
395 - 649 Byzantine Empire
91%
499 BCE - 498 BCE Kingdom of Cyprus
88%
1960 - Present Cyprus
85%
1185 - 1192 Empire of Cyprus
85%
525 BCE - 499 BCE Achaemenid Empire
76%
333 BCE - 325 BCE Macedonian Empire
76%
570 BCE - 525 BCE Ancient Egypt
74%
325 BCE - 58 BCE Ptolemaic Egypt
74%
1489 - 1571 Venice
74%
30 BCE - 395 Roman Republic / Roman Empire
71%
1974 - Present Northern Cyprus
68%
649 - 965 Umayyad Caliphate / Arab Caliphates
65%
709 BCE - 631 BCE Neo-Assyrian Empire
50%
1192 England (Crusaders)
47%
1220 BCE - 1190/1179 BCE Hittite Empire
26%
1192 Templar Order
12%
1000 BCE - 709 BCE Ten City-Kingdoms of Cyprus
6%
No matching quizzes found
Score Distribution
Percent of People with Each Score
Percentile by Number Answered
Your Score History
You have not taken this quiz